Sub-Aquatic Surveillance Robot Navigated by Stereo Vision (Record no. 13267)

000 -LEADER
fixed length control field 00545nam a22001697a 4500
082 ## - DEWEY DECIMAL CLASSIFICATION NUMBER
Classification number BE-EE-3
100 ## - MAIN ENTRY--PERSONAL NAME
Personal name Aadil Jaleel Choudhry
9 (RLIN) 92448
245 ## - TITLE STATEMENT
Title Sub-Aquatic Surveillance Robot Navigated by Stereo Vision
260 ## - PUBLICATION, DISTRIBUTION, ETC.
Place of publication, distribution, etc. Islamabad
Name of publisher, distributor, etc. NUST-SEECS
Date of publication, distribution, etc. 2015
300 ## - PHYSICAL DESCRIPTION
Extent pv
Accompanying material CD Include
500 ## - GENERAL NOTE
General note Supervisors: Dr. Amir Ali Khan, Dr. Ammar Hasan
700 ## - ADDED ENTRY--PERSONAL NAME
Personal name Saeed Mashood,
9 (RLIN) 92449
700 ## - ADDED ENTRY--PERSONAL NAME
Personal name Sheheryar Mehmood,
9 (RLIN) 92450
700 ## - ADDED ENTRY--PERSONAL NAME
Personal name Hina Anwar
9 (RLIN) 15666
856 ## - ELECTRONIC LOCATION AND ACCESS
Uniform Resource Identifier <a href="http://10.250.8.41:8080/xmlui/handle/123456789/9781">http://10.250.8.41:8080/xmlui/handle/123456789/9781</a>
942 ## - ADDED ENTRY ELEMENTS (KOHA)
Koha item type Project Report
Source of classification or shelving scheme
Holdings
Withdrawn status Lost status Damaged status Not for loan Collection code Permanent Location Current Location Shelving location Date acquired Full call number Barcode Date last seen Price effective from Koha item type
WITHDRAWN         Central Library (CL) Central Library (CL) General Stacks 07/07/2015 BE-EE-3 AAD SEECSP01671 07/05/2015 07/05/2015 Project Report
© 2023 Central Library, National University of Sciences and Technology. All Rights Reserved.